00627nam a22001697a 450000500170000001000150001702000270003203500140005903700130007308200140008624501370010026000460023727000430028330000370032649000490036370000450041220180725112000.0 aENG-123592 c2560.00a9788181714381 aEN-107124 bDBAD/PUB a591.95421 aFaunal diversity of singhori wildlife sanctuary district raisen, madhya pradesh / /ced. by The Director, Zoological Survey of India aKolkatac2016bZoological Survey of India aM-Block, New Alipore,e700043bKolkata a394p.c26cm.(Hb)bill.(pictures) aConsevation Area Series, 57: 1-394=28 Plates aThe Director, Zoological Survey of India